Поверка плоскопараллельных концевых мер длины: сборник инструкций

Detalhes bibliográficos
Idioma:russo
Publicado em: Москва, Изд-во стандартов, 1966
Edição:официальное изд.
Assuntos:
Formato: MixedMaterials Livro
KOHA link:https://koha.lib.tpu.ru/cgi-bin/koha/opac-detail.pl?biblionumber=136918

MARC

LEADER 00000nam0a2200000 4500
001 136918
005 20231031140830.0
035 |a (RuTPU)RU\TPU\book\148400 
090 |a 136918 
100 |a 20080429d1966 m y0rusy50 ca 
101 0 |a rus 
102 |a RU 
105 |a af z 000zy 
200 1 |a Поверка плоскопараллельных концевых мер длины  |e сборник инструкций 
205 |a официальное изд. 
210 |a Москва  |c Изд-во стандартов  |d 1966 
215 |a 232 с.  |c ил. 
610 1 |a сборники 
610 1 |a поверка 
610 1 |a плоскопараллельные концевые меры 
610 1 |a длины 
675 |a 5317  |v 3 
801 1 |a RU  |b 63413507  |c 20080429  |g PSBO 
801 2 |a RU  |b 63413507  |c 20081222  |g PSBO 
942 |c BK